000 00471nam a2200181Ia 4500
001 16544
005 20260306170317.0
008 260306t2019||||xx |||||||||||||| ||und||
041 _aESP
082 _a348.6
_bZ47
100 _aZavala Costa, Jaime,
_eAUT
245 0 _aLos principios del procedimiento sancionador y la inspección del trabajo
260 _c2019
300 _a119 páginas :
_c24 cm.
650 _aGEN
654 _aCDE
942 _cLIB
_dJUS
_fJUS
_2ddc
_n
999 _c16544
_d16544